Inter Squad 2020-2021 - Statistics

General Stats
  • This quiz has been taken 75 times
  • The average score is 21 of 27
Answer Stats
# Position Nation Player % Correct
2 MF Morocco Achraf Hakimi
100%
7 FW Chile Alexis Sánchez
100%
10 FW Argentina Lautaro Martínez
100%
9 FW Belgium Romelu Lukaku
100%
1 GK Slovenia Samir Handanović
100%
22 MF Chile Arturo Vidal
92%
14 FW Croatia Ivan Perišić
92%
6 DF Netherlands Stefan de Vrij
92%
24 MF Denmark Christian Eriksen
90%
77 MF Croatia Marcelo Brozović
90%
- Coach Italy Antonio Conte
88%
37 DF Slovakia Milan Škriniar
88%
23 MF Italy Nicolò Barella
86%
11 DF Serbia Aleksandar Kolarov
82%
15 MF England Ashley Young
80%
95 DF Italy Alessandro Bastoni
72%
8 MF Uruguay Matías Vecino
72%
33 DF Italy Danilo D'Ambrosio
68%
44 MF Belgium Radja Nainggolan
64%
5 MF Italy Roberto Gagliardini
62%
13 DF Italy Andrea Ranocchia
58%
12 MF Italy Stefano Sensi
58%
97 GK Romania Ionuț Radu
56%
36 DF Italy Matteo Darmian
50%
27 GK Italy Daniele Padelli
42%
99 FW Italy Andrea Pinamonti
34%
35 GK Serbia Filip Stankovic
34%
No matching quizzes found
Score Distribution
Percent of People with Each Score
Percentile by Number Answered
Your Score History
You have not taken this quiz